000 01993cam a2200397 a 4500
001 14006448
005 20170105102843.0
008 050617s2005 nyu b 001 0 eng
010 _a 2005017513
020 _a0415975212 (acidfree paper)
040 _aDLC
_cDLC
_dDLC
043 _aa-ii---
050 0 0 _aPR9492.6.N38
_bK47 2005
082 0 0 _a823.9109358
_222
100 1 _aKhan, Nyla Ali,
_d1972-
245 1 4 _aThe fiction of nationality in an era of transnationalism /
_cNyla Ali Khan.
260 _aNew York ;
_aLondon :
_bRoutledge,
_c2005.
300 _avii, 132 p. ;
_c24 cm.
440 0 _aLiterary criticism and cultural theory
504 _aIncludes bibliographical references (p. 115-122) and index.
505 0 _aTransporting the subject: the fiction of nationality in an era of transnationalism -- World borders, political borders in Naipaul's Among the believers -- Transnationalism as hybridization in Rushdie's Satanic verses -- Citizenship in a transnational age: culture and politics in Ghosh's The shadow lines -- Place and the politics of identity in Desai's In custody.
600 1 0 _aNaipaul, V. S.
_q(Vidiadhar Surajprasad),
_d1932-
_tAmong the believers.
600 1 0 _aDesai, Anita,
_d1937-
_tIn custody.
600 1 0 _aRushdie, Salman.
_tSatanic verses.
600 1 0 _aGhosh, Amitav.
_tShadow lines.
650 0 _aIndic fiction (English)
_xHistory and criticism.
650 0 _aNationalism and literature
_zEnglish-speaking countries.
650 0 _aEast Indians
_zForeign countries
_xIntellectual life.
650 0 _aTransnationalism.
650 0 _aGlobalization in literature.
856 4 1 _3Table of contents only
_uhttp://www.loc.gov/catdir/toc/ecip0514/2005017513.html
856 4 2 _3Publisher description
_uhttp://www.loc.gov/catdir/enhancements/fy0668/2005017513-d.html
906 _a7
_bcbc
_corignew
_d1
_eecip
_f20
_gy-gencatlg
942 _2ddc
_cBK
999 _c13955
_d13955